[Event "Karl Mala Memorial op 13th"]
[Site "Frankfurt"]
[Date "2010.07.10"]
[Round "5"]
[White "Hirth, Ulrich"]
[Black "Carow, Johannes"]
[Result "0-1"]
[WhiteElo "2135"]
[BlackElo "1939"]
[PlyCount "66"]
[EventDate "2010.07.08"]
[EventType "swiss"]
[EventRounds "7"]
[EventCountry "GER"]
[SourceTitle "EXT 2012"]
[Source "ChessBase"]
[SourceDate "2011.11.24"]
[SourceVersion "1"]
[SourceVersionDate "2011.11.24"]
[SourceQuality "1"]

1. d4 Nf6 2. c4 c5 3. d5 b5 4. a4 bxc4 5. Nc3 d6 6. e4 g6 7. Nf3 Bg4 8. Be2 Bxf3 9. gxf3 Bg7 10. f4 Nbd7 11. h4 h5 12. Rg1 Rb8 13. f5 Ne5 14. Bf4 Nd3+ 15. Bxd3 cxd3 16. Qxd3 Rxb2 17. fxg6 Ng4 18. gxf7+ Kf8 19. e5 dxe5 20. f3 exf4 21. fxg4 c4 22. Qf3 Rc2 23. gxh5 Rxc3 24. Qg4 Rg3 25. Rxg3 fxg3 26. Rb1 Qd6 27. Ke2 Kxf7 28. Rf1+ Bf6 29. Qg6+ Kf8 30. Rf3 Rg8 31. Qh6+ Ke8 32. Qh7 Qxd5 33. Qb1 Qe5+ 0-1

[Event "Groningen op-A"]
[Site "Groningen"]
[Date "2009.12.30"]
[Round "9"]
[White "Thompson, Ian D"]
[Black "Hirth, Ulrich"]
[Result "1-0"]
[WhiteElo "2266"]
[BlackElo "2108"]
[PlyCount "103"]
[EventDate "2009.12.21"]
[EventType "swiss"]
[EventRounds "9"]
[EventCountry "NED"]
[SourceTitle "CBM 134 Extra"]
[Source "ChessBase"]
[SourceDate "2010.03.03"]
[SourceVersion "1"]
[SourceVersionDate "2010.03.03"]
[SourceQuality "1"]

1. c4 e5 2. g3 Nf6 3. Bg2 Nc6 4. Nf3 Bc5 5. 0-0 d6 6. d3 h6 7. Nc3 a6 8. a3 0-0 9. e3 Ba7 10. b3 Ne8 11. d4 Bg4 12. d5 Ne7 13. h3 Bd7 14. Kh2 f5 15. Ng1 g5 16. f4 Ng6 17. Nge2 Kh7 18. Qe1 Nf6 19. Ra2 Qe7 20. fxe5 dxe5 21. b4 h5 22. c5 h4 23. Rd2 hxg3+ 24. Nxg3 f4 25. Nge4 g4 26. exf4 exf4 27. Rxf4 Kg7 28. Re2 Nxf4 29. Bxf4 Rae8 30. Qd2 Rh8 31. Qd4 gxh3 32. Bf3 Rhf8 33. Ng3 Qf7 34. Be5 Kg8 35. Qh4 Nh7 36. Bh5 Qf2+ 37. Rxf2 Rxf2+ 38. Kg1 Rg2+ 39. Kf1 Rxe5 40. Qd8+ Nf8 41. Qf6 Rxh5 42. Nxh5 Rg6 43. Qf4 b6 44. Nf6+ Kg7 45. Nxd7 Nxd7 46. Qxc7 Rf6+ 47. Kg1 h2+ 48. Qxh2 bxc5 49. Qc7 cxb4+ 50. Qxa7 bxc3 51. Qxd7+ Rf7 52. Qg4+ 1-0

[Event "Groningen op-A"]
[Site "Groningen"]
[Date "2009.12.29"]
[Round "8"]
[White "Hirth, Ulrich"]
[Black "Afek, Yochanan"]
[Result "0-1"]
[WhiteElo "2108"]
[BlackElo "2285"]
[PlyCount "72"]
[EventDate "2009.12.21"]
[EventType "swiss"]
[EventRounds "9"]
[EventCountry "NED"]
[SourceTitle "CBM 134 Extra"]
[Source "ChessBase"]
[SourceDate "2010.03.03"]
[SourceVersion "1"]
[SourceVersionDate "2010.03.03"]
[SourceQuality "1"]

1. g3 g6 2. Bg2 Bg7 3. c4 c5 4. Nc3 Nc6 5. a3 Nf6 6. Rb1 a5 7. e3 d6 8. d3 h5 9. h3 e5 10. Nge2 Be6 11. Nd5 Bxd5 12. cxd5 Ne7 13. Nc3 Qd7 14. a4 0-0 15. Qb3 Ne8 16. Ne4 Nc7 17. Ng5 b5 18. axb5 Rfb8 19. 0-0 Qxb5 20. Qxb5 Nxb5 21. Bd2 a4 22. Ne4 Ra6 23. Rfc1 Rab6 24. Ra1 Ra6 25. Nc3 Nc7 26. Nxa4 Rba8 27. b3 Ncxd5 28. Rab1 Rb8 29. Bf3 Nb4 30. Be2 Na2 31. d4 Ra7 32. dxc5 Nxc1 33. Rxc1 dxc5 34. Nxc5 Ra2 35. Rd1 Rd8 36. Bc3 Rc8 0-1

[Event "Solingen-ch"]
[Site "Solingen"]
[Date "2009.09.15"]
[Round "5"]
[White "Speck, Stefan"]
[Black "Hirth, Ulrich"]
[Result "0-1"]
[WhiteElo "2042"]
[BlackElo "2123"]
[PlyCount "36"]
[EventDate "2009.09.15"]
[EventType "swiss"]
[EventRounds "7"]
[EventCountry "GER"]
[SourceTitle "EXT 2011"]
[Source "ChessBase"]
[SourceDate "2010.11.26"]
[SourceVersion "1"]
[SourceVersionDate "2010.11.26"]
[SourceQuality "1"]

1. e4 g6 2. d4 Bg7 3. c3 c6 4. Bf4 d5 5. exd5 cxd5 6. Bxb8 Rxb8 7. Qa4+ Bd7 8. Qxa7 Nf6 9. Qa3 0-0 10. Qb3 e5 11. dxe5 Re8 12. Nf3 Bg4 13. Nbd2 Bh6 14. Bb5 Bxd2+ 15. Nxd2 Rxe5+ 16. Kf1 Qe7 17. f3 Bd7 18. Kf2 Qc5+ 0-1

[Event "Cologne Longerich op 6th"]
[Site "Cologne"]
[Date "2009.08.21"]
[Round "1"]
[White "Fieberg, Christoph"]
[Black "Hirth, Ulrich"]
[Result "0-1"]
[WhiteElo "1729"]
[BlackElo "1912"]
[PlyCount "74"]
[EventDate "2009.08.21"]
[EventType "swiss"]
[EventRounds "5"]
[EventCountry "GER"]
[SourceTitle "EXT 2012"]
[Source "ChessBase"]
[SourceDate "2011.11.24"]
[SourceVersion "1"]
[SourceVersionDate "2011.11.24"]
[SourceQuality "1"]

1. e4 g6 2. d4 Bg7 3. c3 d5 4. exd5 Qxd5 5. Nf3 c5 6. Bb5+ Bd7 7. Bxd7+ Nxd7 8. 0-0 Ngf6 9. Qe2 0-0 10. Na3 cxd4 11. Nxd4 a6 12. Rd1 Qc5 13. Be3 Qc7 14. Bg5 e5 15. Nf3 Rfe8 16. Nc4 b5 17. Ne3 Nb6 18. Bxf6 Bxf6 19. Nd5 Nxd5 20. Rxd5 Rad8 21. Rad1 Rxd5 22. Rxd5 e4 23. Ne1 Be5 24. h3 f5 25. a4 Qc6 26. Qd1 bxa4 27. Ra5 Re6 28. Rxa4 Rd6 29. Qb3+ Kg7 30. Rc4 Qd7 31. Rc5 Bf6 32. Qc4 Rd1 33. Kf1 Qd2 34. Rc7+ Kh6 35. Qe2 Qc1 36. Qe3+ Qxe3 37. fxe3 Bh4 0-1

[Event "Karl Mala Memorial op 12th"]
[Site "Frankfurt"]
[Date "2009.07.19"]
[Round "6"]
[White "Hirth, Ulrich"]
[Black "Wilke, Joerg"]
[Result "1-0"]
[WhiteElo "2119"]
[BlackElo "1910"]
[PlyCount "43"]
[EventDate "2009.07.16"]
[EventType "swiss"]
[EventRounds "7"]
[EventCountry "GER"]
[SourceTitle "EXT 2010"]
[Source "ChessBase"]
[SourceDate "2010.11.25"]
[SourceVersion "1"]
[SourceVersionDate "2010.11.25"]
[SourceQuality "1"]

1. d4 d5 2. Bf4 e6 3. e3 c5 4. c3 Nf6 5. Nd2 Nc6 6. Ngf3 Be7 7. Bd3 0-0 8. Ne5 Nxe5 9. dxe5 Nd7 10. Qh5 f5 11. g4 g6 12. Qh6 c4 13. gxf5 exf5 14. Nxc4 Nc5 15. 0-0-0 Nxd3+ 16. Rxd3 Be6 17. Rg1 Qe8 18. Nd6 Bxd6 19. exd6 Rf7 20. Be5 Qf8 21. Rxg6+ hxg6 22. Qh8# 1-0

[Event "Utrecht OKU op"]
[Site "Utrecht"]
[Date "2009.06.06"]
[Round "4"]
[White "Meijers, Viesturs"]
[Black "Hirth, Ulrich"]
[Result "1-0"]
[WhiteElo "2458"]
[BlackElo "2153"]
[PlyCount "73"]
[EventDate "2009.06.05"]
[EventType "swiss"]
[EventRounds "6"]
[EventCountry "NED"]
[SourceTitle "CBM 130 Extra"]
[Source "ChessBase"]
[SourceDate "2009.07.02"]
[SourceVersion "2"]
[SourceVersionDate "2009.07.15"]
[SourceQuality "1"]

1. e4 g6 2. d4 Bg7 3. Nc3 c6 4. Be3 d5 5. Qd2 Nf6 6. e5 Ng4 7. Bf4 h5 8. h3 Nh6 9. g4 Ng8 10. gxh5 Rxh5 11. Be2 Rh8 12. h4 Bf5 13. h5 Bh6 14. hxg6 Bxf4 15. gxf7+ Kxf7 16. Qxf4 Rxh1 17. Qxf5+ Kg7 18. Qg4+ Kh8 19. 0-0-0 Nd7 20. f4 Nf8 21. Qg2 Rh6 22. f5 Nh7 23. Nf3 Qf8 24. Rg1 Rh5 25. Bd3 Nh6 26. Ne2 Nxf5 27. Nf4 Nh4 28. Qg4 Qh6 29. Nxh4 Rg5 30. Nhg6+ Kg8 31. Qe6+ Kg7 32. Qxe7+ Kg8 33. Rxg5 Nxg5 34. b3 Nf3 35. Qe6+ Kg7 36. Qf6+ Kg8 37. Ne7# 1-0

[Event "Cologne Ford op"]
[Site "Cologne"]
[Date "2009.05.04"]
[Round "2"]
[White "Hoeck, Sebastian"]
[Black "Hirth, Ulrich"]
[Result "0-1"]
[WhiteElo "1770"]
[BlackElo "2037"]
[PlyCount "76"]
[EventDate "2009.04.27"]
[EventType "swiss"]
[EventRounds "7"]
[EventCountry "GER"]
[SourceTitle "EXT 2011"]
[Source "ChessBase"]
[SourceDate "2010.11.26"]
[SourceVersion "1"]
[SourceVersionDate "2010.11.26"]
[SourceQuality "1"]

1. c4 e5 2. Nc3 Nf6 3. Nf3 Nc6 4. e3 Bb4 5. Qc2 0-0 6. a3 Bxc3 7. Qxc3 d6 8. d3 e4 9. Nd2 exd3 10. Bxd3 Ne5 11. b4 b6 12. f3 Bb7 13. Be2 Nfd7 14. 0-0 f5 15. Bb2 Rf6 16. f4 Rg6 17. g3 Qh4 18. Nf3 Rxg3+ 19. hxg3 Qxg3+ 20. Kh1 Nxf3 21. Bxf3 Bxf3+ 22. Rxf3 Qxf3+ 23. Kh2 Nf6 24. Rg1 Ng4+ 25. Rxg4 Qxg4 26. Qd4 Qh5+ 27. Kg3 Qf7 28. c5 dxc5 29. bxc5 Re8 30. cxb6 cxb6 31. Bc1 h6 32. a4 Kh7 33. a5 bxa5 34. Qc5 a4 35. Qd4 Re4 36. Qc3 Rc4 37. Qd2 Qg6+ 38. Kf2 Qc6 0-1

[Event "Oberhausen op"]
[Site "Oberhausen"]
[Date "2009.04.10"]
[Round "3"]
[White "Hirth, Ulrich"]
[Black "Heinzel, Olaf"]
[Result "0-1"]
[WhiteElo "2154"]
[BlackElo "2378"]
[PlyCount "54"]
[EventDate "2009.04.09"]
[EventType "swiss"]
[EventRounds "7"]
[EventCountry "GER"]
[SourceTitle "CBM 129 Extra"]
[Source "ChessBase"]
[SourceDate "2009.05.05"]
[SourceVersion "2"]
[SourceVersionDate "2009.05.20"]
[SourceQuality "1"]

1. d4 d5 2. Bf4 c5 3. e3 Nf6 4. c3 Qb6 5. Qb3 Nc6 6. Qxb6 axb6 7. Na3 Bf5 8. Nb5 Kd7 9. Nf3 e6 10. Nh4 Bc2 11. Rc1 Bg6 12. Nxg6 hxg6 13. Ra1 c4 14. Be2 Nh5 15. Kd2 Nxf4 16. exf4 Be7 17. h3 Ra5 18. b4 Rxb5 19. a4 Rxb4 20. cxb4 Bxb4+ 21. Ke3 Bc3 22. Rad1 Ra8 23. g4 Rxa4 24. f5 Ra3 25. fxg6 Bxd4+ 26. Kf4 f6 27. g5 f5 0-1

[Event "Leverkusen-ch op"]
[Site "Leverkusen"]
[Date "2009.03.02"]
[Round "4"]
[White "Hirth, Ulrich"]
[Black "Birnkott, Manfred"]
[Result "1-0"]
[WhiteElo "2089"]
[BlackElo "1906"]
[PlyCount "85"]
[EventDate "2009.01.12"]
[EventType "swiss"]
[EventRounds "7"]
[EventCountry "GER"]
[SourceTitle "EXT 2010"]
[Source "ChessBase"]
[SourceDate "2010.11.25"]
[SourceVersion "1"]
[SourceVersionDate "2010.11.25"]
[SourceQuality "1"]

1. d4 d5 2. Bf4 Nf6 3. c4 e6 4. Nc3 Nbd7 5. e3 dxc4 6. Bxc4 Nb6 7. Bb3 Nbd5 8. Bg3 Nxc3 9. bxc3 Ne4 10. Qd3 Nc5 11. Qc2 Nxb3 12. axb3 Be7 13. Nf3 0-0 14. h4 h6 15. Ne5 Bd6 16. h5 Bxe5 17. dxe5 Qg5 18. Bf4 Qf5 19. Qe2 Rd8 20. Rd1 Rxd1+ 21. Qxd1 b6 22. f3 Bb7 23. g4 Qh7 24. Kf2 Kh8 25. Qd2 Bc6 26. e4 Qg8 27. Rd1 Qf8 28. g5 Qc5+ 29. Qd4 hxg5 30. Bxg5 Rf8 31. h6 Qxd4+ 32. cxd4 gxh6 33. Bxh6 Rc8 34. Bg5 Kh7 35. d5 exd5 36. exd5 Bd7 37. Ke3 a5 38. Ke4 Kg6 39. Bf6 a4 40. Rg1+ Kh6 41. f4 axb3 42. f5 Kh7 43. Rh1+ 1-0

[Event "Einhausen op"]
[Site "Einhausen"]
[Date "2009.??.??"]
[Round "6"]
[White "Weller, Karl"]
[Black "Hirth, Ulrich"]
[Result "1-0"]
[WhiteElo "2085"]
[BlackElo "2115"]
[PlyCount "105"]
[EventDate "2009.??.??"]
[EventType "swiss"]
[EventRounds "7"]
[EventCountry "GER"]
[SourceTitle "EXT 2011"]
[Source "ChessBase"]
[SourceDate "2010.11.26"]
[SourceVersion "1"]
[SourceVersionDate "2010.11.26"]
[SourceQuality "1"]

1. c4 e5 2. Nc3 Nf6 3. Nf3 Nc6 4. d4 exd4 5. Nxd4 Bb4 6. Bg5 Bxc3+ 7. bxc3 d6 8. e3 h6 9. Bh4 Ne5 10. f3 Be6 11. Be2 g5 12. Nxe6 fxe6 13. Bf2 h5 14. h3 Ke7 15. Qc2 Qg8 16. 0-0-0 b6 17. f4 Ned7 18. g4 hxg4 19. hxg4 Qg7 20. Bf3 Rac8 21. Rdg1 Nc5 22. e4 Nfd7 23. f5 Ne5 24. Be2 Rxh1 25. Rxh1 Rh8 26. Rh5 Rxh5 27. gxh5 g4 28. Bxc5 Qg5+ 29. Qd2 Qxd2+ 30. Kxd2 bxc5 31. h6 exf5 32. h7 Nf7 33. exf5 g3 34. Ke3 Kf6 35. Bh5 Nh8 36. Bg6 a5 37. Kf3 c6 38. Kxg3 d5 39. Kf4 d4 40. cxd4 cxd4 41. c5 d3 42. Ke3 Ke5 43. Kxd3 Kd5 44. Kc3 Kxc5 45. Be8 Kd5 46. f6 Ke6 47. f7 Ke7 48. Kc4 Kf8 49. Kc5 Kg7 50. Kxc6 Ng6 51. Kb5 Kxh7 52. Kxa5 Kg7 53. Kb6 1-0